Cm̤o debe actuar el copntribuyente ante las cartas de invitacin̤ del SAT

Detalles Bibliográficos
Autor principal: Ponce Rivera, Alejandro
Formato: eBook
Lenguaje:español
Publicado: Mx̌ico, D.F.: Ediciones Fiscales ISEF, 2012
Materias:
Acceso en línea:Acceso restringido

MARC

LEADER 00000nam a22000007a 4500
005 2013042507547.0
007 cr|||| ||||
008 130425t2012 mx |||||s|||| 00||0 spa d
020 |a 978-368-726-681-5 
035 |a 10987 
040 |a vLex 
090 |c 4164  |d 4164 
100 1 |a Ponce Rivera, Alejandro 
245 1 0 |a Cm̤o debe actuar el copntribuyente ante las cartas de invitacin̤ del SAT  |h [Recurso electrn̤ico] /  |c Alejandro Ponce Rivera 
256 |a Servicio en ln̕ea 
260 |a Mx̌ico, D.F.:  |b Ediciones Fiscales ISEF,  |c 2012 
300 |a 1 recurso electrn̤ico 
506 1 |a Contenido solo disponible en los productos indicados  |d vLex Global  |d vLex Global (Academic Edition, excluding Law Schools)  |d vLex Global (U.S. Academic Edition, Law Schools)  |d vLex Global (U.S. Academic Edition, excluding Law Schools)  |d vLex Global (Academic Edition, Law Schools) 
650 0 4 |a Derecho fiscal  |z Mx̌ico 
740 0 |a vLex Libros (Servicio en ln̕ea) 
856 4 0 |u http://vlex.com/source/como-debe-actuar-copntribuyente-cartas-invitacion-sat-10987  |z Acceso restringido 
942 |c BOOK 
999 0 |a Taxation